000 00579nam a2200217 a 4500
999 _c814
_d814
008 191031s2010 xxu||||g |||| 00| 0aeng d
020 _a9781416500322
_cRs. 125.00
040 _aKO
_beng
041 0 _aeng
044 _aii
082 0 4 _223
_a928.1
_bK281
100 1 _aKeller, Helen
245 1 0 _aThe Story of My Life /
_cHelen Keller
260 _aNew York :
_bSimon & Schuster Paperbacks ,
_c2010
300 _axviii, 282 p. ;
_c17 cm.
600 _aKeller, Helen
650 0 _aDeafblind women
_vBiography
_zUnited States
904 _aA_BOSE
942 _cBK